000 00886nam a2200229Ia 4500
003 Ost
005 20260507075544.0
008 260507s9999||||xx |||||||||||||| ||und||
020 _a9957181009
040 _cfsecg
041 _aara
082 _a70.19
100 _aالهاشمي، مجد هاشم
_eمؤلف
245 0 _aالاعلام المعاصر وتقنياته الحديثة /
_c مجد هاشم الهاشمي
260 _aعمان:
_bدار المناهج للنشر والتوزيع,
_c2006
300 _a283 صفحة؛
_bإيضاحات ؛
_c24 سم
504 _aبيبليوغرافيا: ص ص.275-283
520 _aيضم الإعلام الإجتماعي، الإعلام السياسي، الإعلام الدولي ووسائله الحديثة
653 _aالإعلام - الإعلان
653 _aالإعلام الدولي
942 _cكتاب
999 _c44881
_d44881